| 000 | 00543nam a22001817a 4500 | ||
|---|---|---|---|
| 005 | 20240802154453.0 | ||
| 010 | _aENG-141119 | ||
| 020 |
_c350.00 _a9789357943505 |
||
| 035 | _aEN-124651 | ||
| 037 | _bDBAD | ||
| 082 | _a920 | ||
| 100 |
_aAURELIUS,MARCUS _969369 |
||
| 245 |
_aMEDITATION: _cMARCUS AURELIUS _bA Timeless Text On Stoic Philosophy/ |
||
| 260 |
_aNew Delhi _bV&S PUBLISHERS _c2024 |
||
| 270 |
_bNew Delhi _aF-2/16,Ansari Road, Daryaganj _e110002 |
||
| 300 |
_a182p. _c21cm(pbk) |
||
| 942 |
_2ddc _cEN _h920 _mAUR |
||
| 999 |
_c204771 _d204771 |
||